000 00589nam a22001817a 4500
005 20230615063014.0
008 230112b |||||||| |||| 00| 0 eng d
020 _a978-93-5269-048-0
082 _a338.47910688 Si646 2018
100 _aSingh, Shweta
_eauthor
245 _aEmerging trends in tourism and hospitality marketing /
_cShweta Singh
260 _aNew Delhi, IN:
_bRandom Publications,
_cc2018.
300 _aviii, 293p.
504 _aIncludes bibliographies and index
541 _e6427
650 _aHospitality industry - Marketing
650 _aTourist trade - Marketing
999 _c525
_d525